عرض عادي
عرض مارك
- الدعوة الإسلامية
مدخل مصطلح موضوعي
001 - رقم الضبط
- حقل الضبط: 345
003 - معرف رقم الضبط
- حقل الضبط: OSt
005 - تاريخ ووقت أخر عملية
- حقل الضبط: 20110612034914.0
008 - عناصر بيانات ثابتة الطول
- حقل تحكم ثابت الطول: 110612|||a|||||| | ||| d
040 ## - مصدر الفهرسة
- هيئة الفهرسة الأصلية: OSt
- وكالة الكتابة: OSt
150 ## - مدخل-- مصطلح تاريخي
- عنصر مدخل المصطلح الموضوعي او الاسم الجغرافي: الدعوة الإسلامية
670 ## - بيانات المصدر موجوده
- الاستشهاد بالمصدر: Work cat.: (OSt)8176: السديس، عبد الرحمن بن عبد العزيز 344, كوكبة الخطب المنيفة من منبر الكعبة الشريفة /, 2002
